MARC details
| 000 -CABECERA |
| campo de control de longitud fija |
01767nam a2200289 4500 |
| 003 - IDENTIFICADOR DEL NÚMERO DE CONTROL |
| campo de control |
EC-UNACH |
| 005 - FECHA Y HORA DE LA ÚLTIMA TRANSACCIÓN |
| campo de control |
20250930135043.0 |
| 006 - CÓDIGOS DE INFORMACIÓN DE LONGITUD FIJA--CARACTERÍSTICAS DEL MATERIAL ADICIONAL |
| campo de control de longitud fija |
s||||gr|||| 00| 00 |
| 008 - DATOS DE LONGITUD FIJA--INFORMACIÓN GENERAL |
| campo de control de longitud fija |
150116t9999 mx r gr 000 0 spa d |
| 020 ## - NÚMERO INTERNACIONAL ESTÁNDAR DEL LIBRO |
| Número Internacional Estándar del Libro |
978-1-4031-4701-1 |
| 040 ## - FUENTE DE LA CATALOGACIÓN |
| Centro catalogador/agencia de origen |
EC-UNACH |
| Centro/agencia transcriptor |
EC-UNACH |
| 041 ## - CÓDIGO DE LENGUA |
| Código de lengua del texto/banda sonora o título independiente |
spa |
| 082 04 - NÚMERO DE LA CLASIFICACIÓN DECIMAL DEWEY |
| Número de edición |
23 |
| Número de clasificación |
299.936 |
| Número de documento/Ítem |
L018301 |
| 100 ## - ENTRADA PRINCIPAL--NOMBRE DE PERSONA |
| Nombre de persona |
L. RONALD HUBBARD |
| 245 ## - MENCIÓN DE TÍTULO |
| Título |
Dianética la ciencia moderna de la salud mental |
| 250 ## - MENCIÓN DE EDICIÓN |
| Mención de edición |
Primera Edición |
| 264 ## - Producción, publicación, distribución, fabricación y copyright |
| Lugar de producción, publicación, distribución, fabricación |
Estados Unidos |
| Nombre del de productor, editor, distribuidor, fabricante |
BRIDGE PUBLICATIONS |
| Fecha de de producción, publicación, distribución, fabricación o copyright |
2007 |
| 300 ## - DESCRIPCIÓN FÍSICA |
| Extensión |
679 páginas |
| 505 ## - NOTA DE CONTENIDO CON FORMATO |
| Nota de contenido con formato |
El inesperado acontecimiento que inició un movimiento mundial. Porque aquí se encuentra el libro histórico de L. Ronald Hubbard presentando su descubrimiento de la mente reactiva que subyace y esclaviza al hombre. Ésta es la fuente de tus pesadillas, miedos irracionales, malestares e inseguridades. Y aquí está el modo de deshacerse de ella y lograr la meta tan largamente buscada de Clear. Porque aquí está el manual completo del procedimiento de Dianética y con el que dos personas razonablemente inteligentes pueden romper las cadenas que las han mantenido prisioneras de los trastornos y traumas del pasado. Al ser un éxito editorial durante más de medio siglo y con decenas de millones de ejemplares impresos, traducido a más de cincuenta idiomas y usado en más de 100 países de la Tierra; Dianética es, sin discusión, el libro sobre la mente humana más leído y más influyente que se haya escrito jamás. Y por eso siempre se le conocerá como el Libro Uno.<br/> |
| 650 ## - PUNTO DE ACCESO ADICIONAL DE MATERIA--TÉRMINO DE MATERIA |
| Término de materia o nombre geográfico como elemento inicial |
CIENCIOLOGÍA |
| 650 ## - PUNTO DE ACCESO ADICIONAL DE MATERIA--TÉRMINO DE MATERIA |
| Término de materia o nombre geográfico como elemento inicial |
DIANÉTICA |
| 650 ## - PUNTO DE ACCESO ADICIONAL DE MATERIA--TÉRMINO DE MATERIA |
| Término de materia o nombre geográfico como elemento inicial |
ÉTICA |
| 942 ## - ELEMENTOS DE PUNTO DE ACCESO ADICIONAL (KOHA) |
| Fuente del sistema de clasificación o colocación |
Clasificación Decimal Dewey |
| Tipo de ítem Koha |
Libros |
| 999 ## - NÚMEROS DE CONTROL DE SISTEMA (KOHA) |
| Koha biblionumber |
13958 |